Vocaloid Producer by Song #2 - Statistics

General Stats
  • This quiz has been taken 66 times
  • The average score is 8 of 15
Answer Stats
Song Producer % Correct
Mind brand MARETU
89%
QUEEN Kanaria
85%
ECHO Crusher-P
75%
Marshall Maximizer Hiiragi Magnetite
62%
Shoujo Rei mikitoP
58%
Relayouter inabakumori
57%
Cat Food Doriko
51%
Nyanyanyanyanyanyanya! daniwellP
49%
Honey I'm Home Ghost and Pals
49%
Butcher Vanity Vane Lily
47%
Torinoko City 40meterP
43%
Abnormality Dancing Girl Guchiry
43%
My R KurageP
40%
CARNIVAL HAPPY Kairiki Bear
28%
Waking Yashinoki Yukopi
15%
No matching quizzes found
Score Distribution
Percent of People with Each Score
Percentile by Number Answered
Your Score History
You have not taken this quiz